MARC

LEADER 00000nam0a2200000 4500
001 265587
005 20231101233932.0
020 |a RU  |b 86-90814 
035 |a (RuTPU)RU\TPU\book\288589 
090 |a 265587 
100 |a 20140627d1986 m a0rusy5003 ca 
101 0 |a rus 
102 |a BY 
105 |a a z 001zy 
200 1 |a Художники печати Советской Белоруссии  |f Союз журналистов БССР ; под ред. Н. И. Гончарова 
210 |a Минск  |c Беларусь  |d 1986 
215 |a 95 с.  |c в основном ил. 
606 1 |a Иллюстрация книжная  |2 stltpush  |3 (RuTPU)RU\TPU\subj\12387  |9 39178 
610 1 |a белорусская советская графика 
610 1 |a газетная графика 
610 1 |a журнальная графика 
610 1 |a книжная графика 
675 |a 76:655(084)  |z rus 
702 1 |a Гончаров  |b Н. И.  |4 340 
712 0 2 |a Союз журналистов БССР 
801 0 |a RU  |b RuMRKP  |c 19950417  |g psbo 
801 1 |a RU  |b 63413507  |c 20140627 
801 2 |a RU  |b 63413507  |c 20150625  |g RCR 
942 |c BK